000 01193nam a2200265Ia 4500
999 _c37998
_d37998
001 3982
003 GE_BSU
005 20190829170329.0
008 181216s2000||||ge |||||||||||||| ||geo||
020 _a9992844310
040 _cGE_BSU
041 _ageo
080 _a37.01(092)+371.48 ბ–29
100 _aბასილაძე, ნოდარ
_92673
245 _aვ.ა.სუხომლინსკის პედაგოგიკური სისტემა და თანამედროვეობა /
_cრედ.: ოთარ გიორგაძე.
264 _a ბათუმი :
_bაჭარა,
_c2000.
300 _a337გვ. ;
_b21სმ.
504 _a ბიბლიოგრ.: გვ. 324-335.
600 _aსუხომლინსკი ვ.ა.
_93835
653 _aპედაგოგიკური სისტემები
653 _aსუხომლინსკის სისტემა
653 _aუკრაინული პედაგოგიური აზრის ისტორია
700 _aგიორგაძე, ოთარ
_eრედაქტორი
_92735
942 _cBK
_2udc